My Man on Willpower (Lyrics)- Sabrina Carpenter - Statistics

General Stats
  • This quiz has been taken 109 times
    23 since last reset
  • The average score is 210 of 275
Answer Stats
Answer % Correct
A
100%
a
100%
he
100%
He
100%
He's
100%
he's
100%
I
100%
don't
94%
his
94%
is
94%
Is
94%
man
94%
me
94%
my
94%
My
94%
on
94%
so
94%
something
94%
under
94%
understand
94%
willpower
94%
always
88%
busy
88%
for
88%
in
88%
love
88%
the
88%
The
88%
this
88%
This
88%
time
88%
to
88%
with
88%
and
81%
be
81%
doesn't
81%
have
81%
I'm
81%
I"m
81%
it
81%
like
81%
like?
81%
Now
81%
now
81%
obsessed
81%
of
81%
Oh
81%
touch
81%
used
81%
baby
75%
bullshit
75%
emotions
75%
fell
75%
get
75%
gettin'
75%
girl
75%
hand
75%
it's
75%
land
75%
least
75%
loving
75%
man's
75%
night
75%
one's
75%
out
75%
won't
75%
at
69%
Callin'
69%
Can
69%
can
69%
clingy
69%
Danger
69%
(Danger)
69%
feels
69%
foot
69%
just
69%
personalities
69%
recognize
69%
Stranger
69%
(Stranger)
69%
touchin'
69%
twenty
69%
wanted
69%
working
69%
yesterday
69%
all
63%
comedy
63%
dark
63%
devotion
63%
four
63%
literally
63%
not
63%
romantic
63%
What
63%
You're
63%
after
56%
back
56%
bed
56%
but
56%
forgotten
56%
fucked
56%
here
56%
him
56%
initiates
56%
life
56%
pole
56%
return
56%
right
56%
self-restraint
56%
sought
56%
up
56%
version
56%
why?
56%
big
50%
gone
50%
okay
50%
silly
50%
slutty
50%
suddenly
50%
There
50%
Where
50%
God
44%
journey
44%
lately?
44%
nightmare
44%
only
44%
over
44%
without
44%
Yeah
44%
find
38%
joke
38%
knows
38%
little
38%
pajamas
38%
purpose
38%
temptin'
38%
ponderin'
31%
sense
31%
(Dreamin')
25%
waving
25%
zest
19%
me'd
13%
new
13%
(Schemin')
13%
Wide-eyed
13%
No matching quizzes found
Score Distribution
Percent of People with Each Score
Percentile by Number Answered
Your Score History
You have not taken this quiz since the last reset